|
|
|
|
| LEADER |
00000nam a22000007a 4500 |
| 005 |
20190926003043.0 |
| 007 |
cr|||| |||| |
| 008 |
190926c20069999au ar|w s|||| 0|||b1eng d |
| 022 |
|
|
|a 1325-5029
|
| 035 |
|
|
|a 5595
|
| 040 |
|
|
|a vLex
|
| 090 |
|
|
|c 9642
|d 9642
|
| 245 |
0 |
0 |
|a Australian International Law Journal
|h [Recurso electrn̤ico] /
|
| 256 |
|
|
|a Servicio en ln̕ea
|
| 260 |
|
|
|a Sydney:
|b University of Western Sydney, School of Law,
|c 2006 -
|
| 300 |
|
|
|a 1 recurso electrn̤ico
|
| 310 |
|
|
|a Anual
|
| 506 |
1 |
|
|a Disponible solo en los productos indicados
|d vLex Global
|d vLex Global (Academic Edition, excluding Law Schools)
|d vLex Global (U.S. Academic Edition, Law Schools)
|d vLex Global (U.S. Academic Edition, excluding Law Schools)
|d vLex Global (Academic Edition, Law Schools)
|
| 650 |
0 |
4 |
|a Derecho Pb︢lico y Administrativo
|z Australia
|
| 650 |
0 |
4 |
|a Derecho Internacional
|z Australia
|
| 740 |
0 |
|
|a vLex Revistas (Servicio en ln̕ea)
|
| 856 |
4 |
0 |
|u http://vlex.com/source/australian-international-law-journal-5595
|z Acceso restringido
|
| 942 |
|
|
|c REV
|
| 999 |
0 |
|
|a Public and Administrative Law
|
| 999 |
0 |
|
|a International Law
|